000 00857cam a22002897a 4500
003 CHAP
005 20220329134236.0
008 971013s1971 r 00010 d
010 _a17490
011 _a18462
035 _a22547
040 _cCHAP
082 _a595.13
_bB5
100 0 0 _aBird, Alan F.
_912905
245 1 4 _aThe structure of nematodes
260 _aNew York :
_bAcademic Press,
_c1971
300 _a318 p.
_b: ilus.
590 _aBATCH-UPD
_b10
_c20130110
_lUCH01
_h0229
590 _aBATCH-UPD
_b10
_c20130110
_lUCH01
_h1818
590 _aBATCH-UPD
_b10
_c20130410
_lUCH01
_h1152
590 _aBATCH-UPD
_b10
_c20130914
_lUCH01
_h0641
590 _aCONVERSION
_b10
_c20130109
_lUCH01
_h1311
650 1 4 _aNemátodos.
_980819
901 _aBK
942 _cLIBRO
949 _a595.13 B5
_bBC
_cLIBRO
_d33724000901559
_eLIBRO
_h15188
_i22547
_si
_t943.00
999 _c17490
_d17490